<?xml version="1.0" encoding="UTF-8"?>
<collection xmlns="http://www.loc.gov/MARC21/slim">
 <record>
  <leader>02165nam a2200205Ia 4500</leader>
  <controlfield tag="001">CTU_100381</controlfield>
  <controlfield tag="008">210402s9999    xx            000 0 und d</controlfield>
  <datafield tag="020" ind1=" " ind2=" ">
   <subfield code="c">186.39</subfield>
  </datafield>
  <datafield tag="082" ind1=" " ind2=" ">
   <subfield code="a">664.07</subfield>
  </datafield>
  <datafield tag="082" ind1=" " ind2=" ">
   <subfield code="b">R218</subfield>
  </datafield>
  <datafield tag="245" ind1=" " ind2="0">
   <subfield code="a">Rapid and on-line instrumentation for food quality assurance</subfield>
  </datafield>
  <datafield tag="245" ind1=" " ind2="0">
   <subfield code="c">Ibtisam E. Tothill</subfield>
  </datafield>
  <datafield tag="260" ind1=" " ind2=" ">
   <subfield code="a">New York</subfield>
  </datafield>
  <datafield tag="260" ind1=" " ind2=" ">
   <subfield code="b">CRC</subfield>
  </datafield>
  <datafield tag="260" ind1=" " ind2=" ">
   <subfield code="c">2003</subfield>
  </datafield>
  <datafield tag="520" ind1=" " ind2=" ">
   <subfield code="a">Many measurements of product and process characteristics have traditionally been 'off-line', involving removing the product and taking it to a quality control laboratory for analysis over a period of hours or even days. However, the development of faster, more automated methods of production, and the shift to more proactive quality and safety management systems such as HACCP, has forced the food industry to look for more rapid methods with the potential for continuous, real-time measurement of products and processes. With its distinguished editor and international team of contributors, this important collection summarises key developments in this growing field. Part 1 reviews the emergence of new methods for analysing food safety. It includes chapters on the detection of foreign bodies, other contaminants such as toxins, pesticides, dioxins and veterinary residues, and rapid methods for detecting pathogenic and spoilage bacteria. Part 2 discusses the measurement of product quality. There are chapters on analysing ingredients such as additives and micronutrients, genetically-modified organisms and added water. A number of chapters discuss methods for analysing food composition, and the use of electronic noses to monitor food quality. A final chapter reviews ways of integrating such measurements into effective process control. Rapid and on-line instrumentation for food quality assurance provides a benchmark of good practice in this important field, and will be a valuable reference for the food industry.</subfield>
  </datafield>
  <datafield tag="650" ind1=" " ind2=" ">
   <subfield code="a">Food industry and trade,Food adulteration and inspection,Food contamination,Food,Food</subfield>
  </datafield>
  <datafield tag="650" ind1=" " ind2=" ">
   <subfield code="x">Quality control,Measurement,Quality,Testing,Analysis</subfield>
  </datafield>
  <datafield tag="904" ind1=" " ind2=" ">
   <subfield code="i">Truc</subfield>
  </datafield>
  <datafield tag="980" ind1=" " ind2=" ">
   <subfield code="a">Trung tâm Học liệu Trường Đại học Cần Thơ</subfield>
  </datafield>
 </record>
</collection>
